000 00405cam a2200145ua 4500
003 OSt
008 250707b |||||||| |||| 00| 0 eng d
041 _aeng
082 _a624.1821
_bNEG/DE
100 _aNegi, L.S .
_97620
245 _aDesign of steel structures based on the latest IS codes /
260 _aNew Delhi :
_bTata Mc-Graw Hill Publishing Company ,
_c1995.
300 _a243 ; .
942 _cBK
999 _c7613
_d7613